000 00551nam a22001697a 4500
005 20251108172716.0
008 250721s1994 xx 000 0 ara d
082 1 4 _a956.06527/طوي
100 1 _aطويل، مريم
_eمؤلف
245 1 0 _aمملكة غرناطة في عهد بني زيري البربر /
264 1 _aبيروت :
_bدار الكتب العلمية،
_c1994.
300 _a347ص.
650 1 7 _aالتاريخ الإسلامي
650 1 7 _aبنو زيري ( غرناطة ) 1012 - 1090
942 _2ddc
_cBK
999 _c86491
_d86491